Statystyki dla Kraje najbliżej Uzbekistanu - jedna minuta sprint

Kliknij tutaj aby rozwiązać quiz!

Ogólne statystyki

  • Ten quiz został rozwiązany 150 razy
  • Średni wynik to 12 z 20

Statystyki odpowiedzi

kmkraj% Poprawnych
108Chiny
90%
0Tadżykistan
90%
524Rosja
88%
0Kazachstan
81%
0Kirgistan
80%
0Afganistan
73%
330Pakistan
73%
617Indie
71%
329Iran
69%
1039Irak
65%
774Gruzja
62%
484Azerbejdżan
61%
821Armenia
59%
1517Mongolia
56%
1466Nepal
48%
964Turcja
44%
1260Syria
37%
1442Kuwejt
12%
1543Oman
12%
0Turkmenia
8%

Rozkład punktacji

Percentyl według liczby udzielonych odpowiedzi

Procent ludzi z każdym wynikiem

Twoja historia wyników

Nie rozwiązałeś tego quizu